01610cam a2200277 a 450000100100000000500170001000800410002704000250006808200210009310000290011424500470014326000520019030000240024250000480026665000510031465000550036591000410042095201210046195201210058295201280070395201270083195201210095895201120107995201260119199900150131700000115120200929145505.0730622s1968 ec a 000 0 spa d aDO-SdBNPbspacBNPHU a792.09866bD445h1 aDescalzi, Ricardo.9392910aHistoria crítica del teatro ecuatoriano. aQuito :bCasa de la Cultura Ecuatoriana,c1968. av. :bil. ;c19 cm. aLa biblioteca posee los volumenes 3, 4 y 5. 4aTeatro ecuatorianoxHistoria y crítica93930 4aLiteratura ecuatorianaxHistoria y crítica93931 aValidado. Control de calidad MMOLINA 001052758DSaBNPHUbBNPHUcHDd2009-09-09iLF1l0ov. 3p1151-10r2020-06-25w2020-06-25yLF1ZPréstamo interno 001052758DSaBNPHUbBNPHUcHDd2009-09-29iLF1l0ov. 4p1151-20r2020-06-25w2020-06-25yLF1ZPréstamo interno 001054758DSaBNPHUbBNPHUcHDd2009-10-19iLF1l0ov. 3, e. 2p1151-30r2020-06-25w2020-06-25yLF1ZPréstamo en sala 001054758DSaBNPHUbBNPHUcHDd2009-10-19iLF1l0ov. 4, e. 2p1151-40r2020-06-25w2020-06-25yLF1ZPréstamo en sala 001052758DSaBNPHUbBNPHUcCTd2009-10-19iLF1l0ov. 5p1151-50r2020-06-25w2020-06-25yLF1ZPréstamo interno 0010758DSaBNPHUbBNPHUcCTd2010-05-14iLF1l0ov. 6p1151-60r2020-06-25w2020-06-25yLF1ZNo se presta 001052758DSaBNPHUbBNPHUcCTd2010-05-19iLF1l0ov. 5, e.2p1151-70r2020-06-25w2020-06-25yLF1ZPréstamo interno c1104d1104